| 000 | 00604nam a2200169 a 4500 | ||
|---|---|---|---|
| 005 | 20210219160300.0 | ||
| 008 | 081006s2000 mx r 000 0 spa d | ||
| 035 | _aUPN01000162290 | ||
| 049 | _aUNE | ||
| 080 | _a378.147 (729.1) "1988" ALG. | ||
| 245 | 0 | 0 | _aAlgunas consideraciones sobre métodos de enseñanza en la educación superior/ por Margarita Suárez Alonso...(et al.) |
| 260 | _aMatanzas, Cuba : Ministerio de Educación Superior, 1988. | ||
| 300 | _a82 p. | ||
| 690 | _aEnseñanza superior- Metodos de enseñanza- Cuba | ||
| 700 | 1 | _aSuárez Alonso, Margarita, coaut. | |
| 905 | _aUNESCO | ||
| 999 |
_c134403 _d134403 |
||